000 00670cab a2200217 4500
001 ABS49157
008 090401t1993 xxu||||| |||| 00| 0 eng d
035 _a(Sirsi) u70211
041 _aeng
100 _aClarke, B.
245 _aDamned by Brussels or Marsham Street
260 _c1993
350 _a0
490 _aBuilding
_v258(7807) 13 August 1993, 22-23(2)
520 _aDiscusses how an increasing number of councils are being caught up in the conflict between the competitive tendering regimes of the UK and EC.
650 _aCCT
650 _aCOMPULSORY COMPETITIVE TENDERING
690 _aEUROPE-SINGLE MARKET
942 _n0
948 _c04/03/1997
999 _c44165
_d44165